[Event "XX Festival A"]
[Site "Porto San Giorgio ITA"]
[Date "2008.08.28"]
[Round "8"]
[White "Mrdja, Milan"]
[Black "Eperjesi, Laszlo"]
[Result "1/2-1/2"]
[WhiteElo "2409"]
[BlackElo "2294"]
[PlyCount "72"]
[EventDate "2008.08.21"]

1. e4 c6 2. d4 d5 3. e5 Bf5 4. Nf3 e6 5. Be2 Nd7 6. O-O Bg6 7. b3 Nh6 8. c4 Nf5
9. Nc3 h5 10. a4 Bb4 11. Bd2 a5 12. cxd5 exd5 13. Na2 Bxd2 14. Qxd2 O-O 15. Bd3
Qb6 16. Bc2 Rfe8 17. Rfe1 Nf8 18. Nc1 Ne6 19. Ne2 Rad8 20. h3 c5 21. dxc5 Nxc5
22. Bxf5 Bxf5 23. Ned4 Be4 24. Re3 Bxf3 25. gxf3 f6 26. Rae1 fxe5 27. Rxe5 Rxe5
28. Rxe5 Nxb3 29. Nxb3 Qxb3 30. Qg5 Rf8 31. Re7 Rf7 32. Re8+ Rf8 33. Qxh5 Rxe8
34. Qxe8+ Kh7 35. Kg2 Qc4 36. Qh5+ Kg8 1/2-1/2

[Event "XX Festival A"]
[Site "Porto San Giorgio ITA"]
[Date "2008.08.28"]
[Round "8"]
[White "Rettore, Ludwig"]
[Black "Rotoni, Matteo"]
[Result "0-1"]
[WhiteElo "2230"]
[BlackElo "2089"]
[PlyCount "104"]
[EventDate "2008.08.21"]

1. e4 e6 2. d4 d5 3. Nc3 Bb4 4. e5 c5 5. a3 Bxc3+ 6. bxc3 Ne7 7. Qg4 Nf5 8. Bd3
h5 9. Qf4 Qc7 10. Ne2 Ne7 11. Bb5+ Bd7 12. Bxd7+ Nxd7 13. Ra2 h4 14. Qg4 Nf5
15. Bg5 f6 16. Bd2 O-O-O 17. Nf4 Qb6 18. O-O fxe5 19. Nxd5 exd5 20. Qxf5 Qf6
21. Qg4 Rdf8 22. dxc5 Qf5 23. Qxf5 Rxf5 24. Be3 Nb8 25. Rd1 Rd8 26. Raa1 Nc6
27. f3 h3 28. Bf2 d4 29. cxd4 exd4 30. Rd3 Rxc5 31. Rd2 Rc3 32. f4 hxg2 33.
Kxg2 d3 34. cxd3 Rdxd3 35. Rxd3 Rxd3 36. Bc5 b6 37. Bf8 Rd8 38. Rc1 Kb7 39. Bb4
Rd4 40. Re1 Rxf4 41. Kg3 Rd4 42. h4 a5 43. Bf8 Rd7 44. Kg4 Rf7 45. Re8 Kc7 46.
Kg5 Kd7 47. Ra8 Nd8 48. Rb8 Ne6+ 49. Kg6 Rxf8 50. Rxf8 Nxf8+ 51. Kxg7 Ke7 52.
a4 Ne6+ 0-1

[Event "XX Festival A"]
[Site "Porto San Giorgio ITA"]
[Date "2008.08.28"]
[Round "8"]
[White "Rinaudo, Andrea"]
[Black "Di Bello, Nicolo'"]
[Result "1-0"]
[WhiteElo "2118"]
[BlackElo "2046"]
[PlyCount "69"]
[EventDate "2008.08.21"]

1. e4 e6 2. d4 c5 3. Nf3 cxd4 4. Nxd4 Nf6 5. e5 Qa5+ 6. Nc3 Qxe5+ 7. Be2 a6 8.
O-O Be7 9. Re1 Qc7 10. Bg5 Nc6 11. Nf3 O-O 12. Qd2 d5 13. a3 Bd7 14. Bf4 Bd6
15. Bg5 Ng4 16. h3 Nge5 17. Rad1 Nxf3+ 18. Bxf3 Na5 19. Bxd5 exd5 20. Nxd5 Qc6
21. Qxa5 Be6 22. Be7 Bxd5 23. Bxf8 Bxf8 24. Qxd5 Qb6 25. b4 a5 26. c3 axb4 27.
axb4 h6 28. Re3 Qc7 29. Qd7 Qb6 30. Rf3 f6 31. Qd5+ Kh7 32. Qf7 Rc8 33. Rd7 Kh8
34. Rg3 Rd8 35. Rxg7 1-0

[Event "XX Festival A"]
[Site "Porto San Giorgio ITA"]
[Date "2008.08.28"]
[Round "8"]
[White "Saccona, Silvano"]
[Black "Schweizer, Manfred"]
[Result "1/2-1/2"]
[WhiteElo "2168"]
[BlackElo "2117"]
[PlyCount "101"]
[EventDate "2008.08.21"]

1. d4 Nf6 2. c4 g6 3. Nc3 Bg7 4. Nf3 d6 5. h3 Nbd7 6. e4 O-O 7. Be2 c6 8. O-O
e5 9. dxe5 dxe5 10. Qc2 Qc7 11. Bg5 Nc5 12. Rfd1 Ne6 13. Be3 Bd7 14. Rd2 b6 15.
Rad1 Rad8 16. b4 Bc8 17. Qa4 Rxd2 18. Rxd2 Rd8 19. Rxd8+ Nxd8 20. c5 b5 21. Qd1
Ne8 22. a4 a6 23. Qa1 Ne6 24. axb5 axb5 25. Nb1 Nf4 26. Bf1 Bf6 27. Kh2 Ne6 28.
Nbd2 Nd4 29. Qb2 Ng7 30. g3 Nge6 31. Qa2 Nxf3+ 32. Nxf3 Nd4 33. Nxd4 exd4 34.
Bf4 Be5 35. Bh6 Bg7 36. Bc1 h6 37. Bf4 Qd7 38. h4 Qe6 39. Qd2 Qxe4 40. Bg2 Qe6
41. Bxh6 Bxh6 42. Qxh6 Qf6 43. Kg1 Bf5 44. Qg5 Qe5 45. g4 f6 46. Qh6 Bd3 47.
Qd2 Be4 48. Qe1 Bxg2 49. Qxe5 fxe5 50. Kxg2 e4 51. Kf1 1/2-1/2

[Event "XX Festival A"]
[Site "Porto San Giorgio ITA"]
[Date "2008.08.28"]
[Round "8"]
[White "Sautto, Daniele"]
[Black "Aleksic, Nenad"]
[Result "1/2-1/2"]
[WhiteElo "2206"]
[BlackElo "2371"]
[PlyCount "21"]
[EventDate "2008.08.21"]

1. e4 c5 2. c3 b6 3. d4 Bb7 4. Bd3 Nf6 5. Qe2 cxd4 6. cxd4 Nc6 7. Nf3 Nb4 8.
Nc3 Nxd3+ 9. Qxd3 e6 10. d5 Bb4 11. O-O 1/2-1/2

[Event "XX Festival A"]
[Site "Porto San Giorgio ITA"]
[Date "2008.08.28"]
[Round "8"]
[White "Sbraccia, Giovanni"]
[Black "Piva, Giorgio"]
[Result "1/2-1/2"]
[WhiteElo "2106"]
[BlackElo "2167"]
[PlyCount "162"]
[EventDate "2008.08.21"]

1. d4 d5 2. Nf3 Nc6 3. Bf4 Bg4 4. e3 e6 5. Bb5 Bd6 6. Bg3 Nge7 7. O-O O-O 8. c4
dxc4 9. Nbd2 Bxg3 10. hxg3 e5 11. dxe5 Nxe5 12. Qc2 Nxf3+ 13. gxf3 Be6 14. Rfd1
Qd3 15. Rac1 Qxc2 16. Rxc2 c3 17. Rxc3 Nd5 18. Rcc1 c6 19. Bc4 Rad8 20. a3 Nc7
21. Kg2 h6 22. Bxe6 Nxe6 23. Nc4 Rxd1 24. Rxd1 Rd8 25. Rc1 b5 26. Na5 c5 27.
Nb7 Rc8 28. f4 c4 29. Kf3 Rc7 30. Nd6 a6 31. a4 Rc6 32. Nf5 Rc7 33. axb5 axb5
34. Nd6 Rc5 35. Ke4 Nc7 36. Rd1 b4 37. Nb7 Rc6 38. Rc1 c3 39. bxc3 bxc3 40. Na5
Rc5 41. Nb3 Rc6 42. Nd4 Rc5 43. Nb3 Rc6 44. Kd3 Nd5 45. Kd4 Nc7 46. Rc2 Nb5+
47. Kd3 Rc8 48. Nd4 Rd8 49. Rc1 Rd7 50. f3 g6 51. g4 Kg7 52. Kc4 Nd6+ 53. Kxc3
Rc7+ 54. Kd2 Rxc1 55. Kxc1 Nc4 56. Nc2 g5 57. fxg5 hxg5 58. Kd1 Kf6 59. Ke2 Ke5
60. Nd4 f6 61. Nf5 Kd5 62. Ne7+ Ke6 63. Ng8 Ke5 64. Kd3 Nd6 65. Nh6 Kd5 66. Ng8
Ke5 67. Ne7 Ke6 68. Nc6 Kd5 69. Nb4+ Ke5 70. Na6 Kd5 71. Nb4+ Ke5 72. Na2 Kd5
73. Nc3+ Ke5 74. Ne2 Nf7 75. f4+ gxf4 76. exf4+ Kd5 77. Nc3+ Ke6 78. Ke4 Nd6+
79. Kd4 Nf7 80. Ne4 Nh6 81. f5+ Nxf5+ 1/2-1/2

[Event "XX Festival A"]
[Site "Porto San Giorgio ITA"]
[Date "2008.08.28"]
[Round "8"]
[White "Scipioni, Gaetano"]
[Black "Parpinel, Marco"]
[Result "1/2-1/2"]
[WhiteElo "2077"]
[BlackElo "2159"]
[PlyCount "107"]
[EventDate "2008.08.21"]

1. d4 d5 2. Nf3 Nc6 3. Bf4 Bg4 4. Ne5 Nxe5 5. Bxe5 f6 6. Bg3 e6 7. c3 Nh6 8. h3
Bf5 9. Qb3 Bd6 10. Bxd6 Qxd6 11. Qa3 Nf7 12. Qxd6 Nxd6 13. e3 O-O 14. Nd2 e5
15. Be2 Rae8 16. O-O Bd7 17. dxe5 fxe5 18. c4 d4 19. exd4 exd4 20. Bf3 c5 21.
Rfe1 Rxe1+ 22. Rxe1 Re8 23. Rxe8+ Bxe8 24. Bd5+ Bf7 25. Bxf7+ Kxf7 26. f4 b5
27. cxb5 Nxb5 28. Kf2 Ke6 29. Ke2 Kd5 30. Kd3 h5 31. g4 Nc7 32. f5 Ne8 33. b3
hxg4 34. hxg4 Nf6 35. g5 Ng4 36. a3 Nf2+ 37. Ke2 Nh3 38. f6 gxf6 39. gxf6 Nf4+
40. Kf3 Ne6 41. Ke2 Ke5 42. f7 Kf6 43. f8=Q+ Nxf8 44. Ne4+ Ke5 45. Nxc5 Kd5 46.
Nd3 Ne6 47. Kd2 Ng5 48. Nf2 Nf3+ 49. Ke2 Ng5 50. Kd2 a5 51. Kd3 Ne6 52. Ke2 Nc7
53. Nd3 Nb5 54. a4 1/2-1/2

[Event "XX Festival A"]
[Site "Porto San Giorgio ITA"]
[Date "2008.08.28"]
[Round "8"]
[White "Stromboli, Carlo"]
[Black "Kizov, Atanas"]
[Result "1/2-1/2"]
[WhiteElo "2263"]
[BlackElo "2426"]
[PlyCount "25"]
[EventDate "2008.08.21"]

1. e4 e5 2. Nf3 Nc6 3. Bb5 Nf6 4. O-O Nxe4 5. d4 Nd6 6. Bxc6 dxc6 7. dxe5 Nf5
8. Qxd8+ Kxd8 9. Rd1+ Ke8 10. h3 h6 11. Bf4 Ne7 12. Bh2 Ng6 13. c4 1/2-1/2

[Event "XX Festival A"]
[Site "Porto San Giorgio ITA"]
[Date "2008.08.28"]
[Round "8"]
[White "Voiska, Margarita"]
[Black "Ortega, Lexy"]
[Result "1/2-1/2"]
[WhiteElo "2296"]
[BlackElo "2456"]
[PlyCount "125"]
[EventDate "2008.08.21"]

1. d4 f5 2. g3 Nf6 3. Bg2 g6 4. Nf3 Bg7 5. O-O O-O 6. Nbd2 d6 7. c3 Nc6 8. b4
Qe8 9. Qb3+ Kh8 10. d5 Nd8 11. Nd4 e5 12. dxe6 Nxe6 13. N2f3 Ne4 14. Bb2 a5 15.
a3 Qf7 16. Qc2 c5 17. Nb3 b6 18. c4 axb4 19. axb4 Rxa1 20. Rxa1 Bb7 21. bxc5
bxc5 22. Ra7 Ra8 23. Bxg7+ Qxg7 24. Qa2 Rxa7 25. Qxa7 Qc7 26. Na5 Bc8 27. Qa8
Kg7 28. Nb3 Bd7 29. Qa1+ Kf7 30. Nbd2 Nf6 31. h4 h6 32. Nf1 Bc6 33. Ne3 Qb7 34.
Qd1 Qc7 35. Qa1 Be4 36. Nd1 Bxf3 37. Bxf3 Nd4 38. Qa8 Kg7 39. Nc3 Qe7 40. e3
Nxf3+ 41. Qxf3 Qf7 42. Qe2 Qe6 43. Qd3 g5 44. hxg5 hxg5 45. Nb5 Ne4 46. f3 Nxg3
47. Nxd6 f4 48. exf4 Qe1+ 49. Kg2 gxf4 50. Kh3 Kf6 51. Qd5 Qe6+ 52. Qxe6+ Kxe6
53. Nb7 Ke5 54. Nxc5 Kd4 55. Ne6+ Kxc4 56. Nxf4 Nf5 57. Ng6 Kd5 58. Kg4 Ne3+
59. Kg5 Ke6 60. f4 Kf7 61. Ne5+ Kg7 62. Ng4 Nxg4 63. Kxg4 1/2-1/2

[Event "XX Festival A"]
[Site "Porto San Giorgio ITA"]
[Date "2008.08.29"]
[Round "9"]
[White "Aleksic, Nenad"]
[Black "Calella, Sergio"]
[Result "1-0"]
[WhiteElo "2371"]
[BlackElo "2123"]
[PlyCount "61"]
[EventDate "2008.08.21"]

1. e4 c5 2. Nf3 d6 3. d4 cxd4 4. Nxd4 Nf6 5. Nc3 g6 6. Bc4 Bg7 7. h3 O-O 8. O-O
Nc6 9. Be3 Bd7 10. Bb3 Na5 11. Re1 Nxb3 12. axb3 a6 13. Qd2 Qc7 14. Nd5 Nxd5
15. exd5 e5 16. dxe6 fxe6 17. Rad1 e5 18. Ne2 Bf5 19. c4 Rad8 20. Nc3 Qf7 21.
Bg5 Bf6 22. Bxf6 Qxf6 23. Qe3 g5 24. Rd2 Qg6 25. Red1 g4 26. h4 Bc2 27. h5 Qxh5
28. Rxc2 Rf3 29. Ne4 Rdf8 30. Qg5+ Qxg5 31. Nxg5 1-0

[Event "XX Festival A"]
[Site "Porto San Giorgio ITA"]
[Date "2008.08.29"]
[Round "9"]
[White "Bondielli, Giorgio"]
[Black "Foglia, Maurizio"]
[Result "0-1"]
[WhiteElo "1929"]
[BlackElo "2135"]
[PlyCount "52"]
[EventDate "2008.08.21"]

1. e4 Nf6 2. e5 Nd5 3. d4 d6 4. Bc4 c6 5. Qf3 dxe5 6. dxe5 Be6 7. Bd2 Nd7 8.
Qg3 Qb6 9. Bb3 Qd4 10. Nc3 Qxe5+ 11. Nge2 Qxg3 12. Nxg3 g6 13. O-O Bg7 14. Nxd5
Bxd5 15. Bxd5 cxd5 16. Rfe1 e6 17. c3 O-O 18. Be3 a6 19. Rad1 Rac8 20. Ne4 Rc6
21. Re2 Ne5 22. Nd2 Ng4 23. Nb3 Nxe3 24. Rxe3 Rfc8 25. g4 h6 26. f4 Rc4 0-1

[Event "XX Festival A"]
[Site "Porto San Giorgio ITA"]
[Date "2008.08.29"]
[Round "9"]
[White "Buono, Michele"]
[Black "Sbraccia, Giovanni"]
[Result "1/2-1/2"]
[WhiteElo "2194"]
[BlackElo "2106"]
[PlyCount "122"]
[EventDate "2008.08.21"]

1. e4 c6 2. Nf3 d5 3. exd5 cxd5 4. Ne5 Nc6 5. d4 Qb6 6. c3 Nf6 7. Bd3 g6 8. f4
Bg7 9. Nd2 O-O 10. Qe2 Nd7 11. Ndf3 a6 12. O-O Ndxe5 13. Nxe5 e6 14. Be3 Qc7
15. Rf2 Bd7 16. Raf1 b5 17. a3 f5 18. g4 Rab8 19. h4 Ne7 20. g5 Be8 21. Bc2
Bxe5 22. dxe5 a5 23. Rc1 Qc6 24. Bd3 Nc8 25. b4 Nb6 26. bxa5 Na4 27. Qc2 Rf7
28. Qb3 Nc5 29. Qb1 Ra8 30. Bc2 Rxa5 31. Qb4 Nb7 32. Bb3 Ra8 33. Kh2 Rc7 34.
Bd4 Na5 35. Ba2 Nc4 36. Bxc4 dxc4 37. Kg3 Ra4 38. Qb2 Qd5 39. Ra1 Bc6 40. Qd2
Rd7 41. Ra2 Ra8 42. Qe3 h6 43. Rh2 Rh7 44. Bc5 Qd1 45. Qe2 Qd5 46. Qe3 hxg5 47.
hxg5 Qd1 48. Qe2 Rd8 49. Qxd1 Rxd1 50. Rad2 Rxh2 51. Rxd1 Rg2+ 52. Kh3 Rg4 53.
Be3 Bg2+ 54. Kh2 Bd5 55. Rg1 Rxg1 56. Kxg1 Kf7 57. Bc5 Ke8 58. Kf2 Kd7 59. Ke3
Kc6 60. Bf8 Be4 61. Kd4 Bc2 1/2-1/2

[Event "XX Festival A"]
[Site "Porto San Giorgio ITA"]
[Date "2008.08.29"]
[Round "9"]
[White "Calavalle, Giulio"]
[Black "Andonov, Bogomil"]
[Result "1-0"]
[WhiteElo "2231"]
[BlackElo "2326"]
[PlyCount "135"]
[EventDate "2008.08.21"]

1. e4 d5 2. exd5 Nf6 3. Nc3 Nxd5 4. Bc4 Nb6 5. Bb3 Nc6 6. d3 Nd4 7. Nge2 Nxb3
8. axb3 e5 9. O-O Be7 10. Be3 Nd5 11. Ng3 O-O 12. Nxd5 Qxd5 13. d4 exd4 14.
Qxd4 Qc6 15. c3 b6 16. Qe4 Qxe4 17. Nxe4 Bb7 18. Ng3 f5 19. Bf4 c5 20. Rfe1 Bh4
21. Nf1 Kf7 22. Ne3 g6 23. Nc4 Bd5 24. Ne5+ Kg8 25. g3 Bd8 26. c4 Bb7 27. Bd2
Re8 28. Bc3 Bf6 29. f4 Be4 30. Re2 Red8 31. Kf2 a5 32. Ke1 Rd6 33. Rc1 Rad8 34.
Ra1 g5 35. Re3 h6 36. Ke2 Kg7 37. Rc1 g4 38. Kf2 h5 39. Ke2 h4 40. Kf2 hxg3+
41. hxg3 Rh8 42. Rxe4 fxe4 43. Ke3 Rh2 44. Rg1 Rd8 45. Kxe4 Bxe5 46. Bxe5+ Kf7
47. Kf5 Rg8 48. Rd1 Rh5+ 49. Ke4 Re8 50. Rd7+ Re7 51. Rxe7+ Kxe7 52. f5 Rh2 53.
Kf4 Rc2 54. Kxg4 a4 55. bxa4 Rxc4+ 56. Kh5 Rxa4 57. g4 Re4 58. Bh8 b5 59. g5
Rf4 60. Kg6 b4 61. Bf6+ Ke8 62. Be5 Rf2 63. f6 Kd7 64. Kf7 Rf5 65. g6 Rxe5 66.
g7 Re2 67. g8=Q Rxb2 68. Qe8+ 1-0

[Event "XX Festival A"]
[Site "Porto San Giorgio ITA"]
[Date "2008.08.29"]
[Round "9"]
[White "Cristiani, Cesare"]
[Black "Cecchetto, Vanni"]
[Result "1-0"]
[WhiteElo "2168"]
[BlackElo "1939"]
[PlyCount "45"]
[EventDate "2008.08.21"]

1. d4 Nf6 2. c4 e6 3. Nf3 b6 4. a3 Bb7 5. Nc3 c5 6. d5 exd5 7. cxd5 d6 8. e4 g6
9. Bb5+ Nbd7 10. O-O Bg7 11. Bf4 Qc7 12. Bxd6 Qxd6 13. e5 Qc7 14. exf6 Bxf6 15.
d6 Qd8 16. Qa4 Bxc3 17. bxc3 a6 18. Rfe1+ Kf8 19. Bxd7 Kg7 20. Re7 Bxf3 21.
gxf3 Ra7 22. Qf4 Rf8 23. Qe5+ 1-0

[Event "XX Festival A"]
[Site "Porto San Giorgio ITA"]
[Date "2008.08.29"]
[Round "9"]
[White "Della Corte, Alessandro"]
[Black "Lucchi, Lorenzo"]
[Result "1/2-1/2"]
[WhiteElo "2247"]
[BlackElo "2051"]
[PlyCount "88"]
[EventDate "2008.08.21"]

1. e4 e5 2. Nf3 Nc6 3. Bb5 Nf6 4. O-O Nxe4 5. d4 Nd6 6. dxe5 Nxb5 7. a4 d6 8.
e6 Bxe6 9. axb5 Ne5 10. Nd4 Be7 11. f4 Bg4 12. Qe1 c5 13. fxe5 cxd4 14. exd6
Qxd6 15. b3 Be6 16. Ba3 Qd7 17. Bxe7 Qxe7 18. Qe5 O-O 19. Qxd4 Rfd8 20. Qe3 Qb4
21. c4 a6 22. Ra4 Qd6 23. Nc3 axb5 24. Nxb5 Qc6 25. Rxa8 Rxa8 26. Rd1 h6 27. h3
Ra2 28. Rd2 Rxd2 29. Qxd2 Qc5+ 30. Qd4 Qg5 31. Kh2 h5 32. h4 Qc1 33. Nd6 Qc2
34. b4 Bg4 35. Ne4 f6 36. c5 Qe2 37. Nd6 Qe1 38. Qd5+ Kh8 39. Qe4 Qxh4+ 40. Kg1
Qg3 41. Nxb7 h4 42. Nd6 h3 43. b5 hxg2 44. Qxg2 Qe1+ 1/2-1/2

[Event "XX Festival A"]
[Site "Porto San Giorgio ITA"]
[Date "2008.08.29"]
[Round "9"]
[White "Erdos, Viktor"]
[Black "Fedorchuk, Sergey A."]
[Result "1-0"]
[WhiteElo "2576"]
[BlackElo "2624"]
[PlyCount "77"]
[EventDate "2008.08.21"]

1. d4 Nf6 2. c4 e6 3. Nc3 Bb4 4. Qc2 O-O 5. a3 Bxc3+ 6. Qxc3 d6 7. Bg5 Nbd7 8.
e3 b6 9. Ne2 c5 10. Qc2 Bb7 11. Rd1 Qc7 12. Nc3 cxd4 13. Rxd4 a6 14. Be2 h6 15.
Bh4 Bxg2 16. Rg1 Bb7 17. Qd2 Kh8 18. Rxd6 Rad8 19. Bg3 e5 20. Bh4 Rfe8 21. e4
Kh7 22. Rg3 Re6 23. Bxf6 Rxf6 24. Rgd3 Rxd6 25. Rxd6 Bc8 26. Bg4 g6 27. h4 Kg7
28. h5 g5 29. Bf5 Qxc4 30. Nd1 Qc7 31. Ne3 Kf8 32. Rxh6 Nf6 33. Rh8+ Ng8 34.
Nd5 Rxd5 35. exd5 Bxf5 36. Qxg5 Bh7 37. Rxh7 Nf6 38. d6 Qxd6 39. Qg7+ 1-0

[Event "XX Festival A"]
[Site "Porto San Giorgio ITA"]
[Date "2008.08.29"]
[Round "9"]
[White "Estremera Panos, Sergio"]
[Black "Sautto, Daniele"]
[Result "1-0"]
[WhiteElo "2394"]
[BlackElo "2206"]
[PlyCount "57"]
[EventDate "2008.08.21"]

1. d4 d5 2. c4 c6 3. Nf3 Nf6 4. e3 g6 5. Nc3 Bg7 6. Be2 O-O 7. O-O dxc4 8. Bxc4
Bg4 9. h3 Bxf3 10. Qxf3 Nbd7 11. Rd1 e5 12. d5 e4 13. Nxe4 Nxe4 14. Qxe4 Nf6
15. Qf3 cxd5 16. Bxd5 Nxd5 17. Rxd5 Qc7 18. e4 Rfe8 19. Be3 Bxb2 20. Rad1 Qc4
21. Rd7 b6 22. R1d5 Rf8 23. e5 Bc1 24. Rd4 Qc3 25. e6 Bxe3 26. exf7+ Kg7 27.
fxe3 Qa1+ 28. Kh2 Qxa2 29. Qe4 1-0

[Event "XX Festival A"]
[Site "Porto San Giorgio ITA"]
[Date "2008.08.29"]
[Round "9"]
[White "Farago, Ivan"]
[Black "Tomescu, Vlad"]
[Result "1/2-1/2"]
[WhiteElo "2482"]
[BlackElo "2405"]
[PlyCount "29"]
[EventDate "2008.08.21"]

1. d4 Nf6 2. c4 c5 3. d5 b5 4. cxb5 a6 5. e3 axb5 6. Bxb5 Qa5+ 7. Nc3 Bb7 8.
Nge2 Nxd5 9. O-O Nc7 10. Bc4 Nc6 11. e4 e6 12. Bf4 Be7 13. Qd3 e5 14. Bd2 Qb6
15. Rad1 1/2-1/2

[Event "XX Festival A"]
[Site "Porto San Giorgio ITA"]
[Date "2008.08.29"]
[Round "9"]
[White "Fercec, Nenad"]
[Black "Caprio, Guido"]
[Result "0-1"]
[WhiteElo "2486"]
[BlackElo "2188"]
[PlyCount "90"]
[EventDate "2008.08.21"]

1. e4 c5 2. Nf3 d6 3. d4 cxd4 4. Nxd4 Nf6 5. Nc3 a6 6. Bg5 e6 7. f4 Qb6 8. Nb3
Be7 9. Qf3 Nbd7 10. O-O-O Qc7 11. Bd3 b5 12. Rhe1 b4 13. Ne2 Bb7 14. Ned4 O-O
15. Qh3 Rfc8 16. Bxf6 Bxf6 17. e5 dxe5 18. Bxh7+ Kf8 19. fxe5 Nxe5 20. Kb1 Bd5
21. g4 g6 22. Rf1 Bg7 23. Nc1 Qc4 24. Rf4 Qc5 25. Rdf1 Ra7 26. Qe3 Nc4 27. Qf2
e5 28. Ncb3 Qd6 29. Ne2 exf4 30. Qxa7 Qe5 31. Ned4 Nd2+ 32. Nxd2 Qxd4 33. Qxd4
Bxd4 34. Bxg6 Be3 35. Be4 Be6 36. Nf3 Bxg4 37. Ne5 Bh3 38. Rf3 Bg2 39. Rxe3
fxe3 40. Bxg2 e2 41. Nf3 Rd8 42. c3 bxc3 43. bxc3 Rd3 44. Kc2 Rxf3 45. Kd2 Re3
0-1

[Event "XX Festival A"]
[Site "Porto San Giorgio ITA"]
[Date "2008.08.29"]
[Round "9"]
[White "Gordon, Stephen J."]
[Black "Maiorov, Nikita"]
[Result "1/2-1/2"]
[WhiteElo "2508"]
[BlackElo "2535"]
[PlyCount "54"]
[EventDate "2008.08.21"]

1. d4 Nf6 2. c4 e6 3. Nf3 b6 4. Nc3 Bb7 5. a3 d5 6. cxd5 Nxd5 7. Qc2 Be7 8. e4
Nxc3 9. bxc3 O-O 10. Bd3 c5 11. O-O cxd4 12. cxd4 Qc8 13. Qe2 Ba6 14. Rd1 Bxd3
15. Rxd3 Nd7 16. h4 Qc4 17. Bg5 Bxg5 18. hxg5 Rac8 19. Qe3 Rc7 20. Rad1 Qc2 21.
Qf4 Rfc8 22. Ne5 Nxe5 23. dxe5 Rf8 24. Rd8 Rc8 25. R8d7 Rc7 26. Rd8 Rc8 27.
R8d7 Rc7 1/2-1/2

[Event "XX Festival A"]
[Site "Porto San Giorgio ITA"]
[Date "2008.08.29"]
[Round "9"]
[White "Granaldi, Alessandro"]
[Black "Antonelli, Fabrizio"]
[Result "1-0"]
[WhiteElo "2082"]
[BlackElo "2035"]
[PlyCount "77"]
[EventDate "2008.08.21"]

1. e4 e5 2. Nf3 Nc6 3. Bc4 Be7 4. c3 Nf6 5. d3 d6 6. Nbd2 O-O 7. Bb3 Na5 8. Bc2
c5 9. O-O Nc6 10. Re1 Ne8 11. Nf1 f5 12. exf5 Bxf5 13. Bb3+ Kh8 14. h3 Nc7 15.
Ng3 Be6 16. Bc2 Bd5 17. Ne4 Ne6 18. Be3 Bf6 19. Qd2 Rc8 20. Rad1 Rc7 21. a3 a5
22. Nh2 Nf4 23. Rc1 Rcf7 24. d4 Bg5 25. dxc5 Bxe4 26. Bxe4 d5 27. Bxd5 Rd7 28.
c4 Ne7 29. Nf3 Nexd5 30. cxd5 Rxd5 31. Qc2 Bh6 32. Qe4 Nd3 33. Red1 Rf7 34.
Rxd3 Rxd3 35. Nxe5 Rd1+ 36. Kh2 Rf8 37. Rxd1 Qb8 38. Bxh6 gxh6 39. f4 1-0

[Event "XX Festival A"]
[Site "Porto San Giorgio ITA"]
[Date "2008.08.29"]
[Round "9"]
[White "Hera, Imre jr"]
[Black "Jovanic, Ognjen"]
[Result "1/2-1/2"]
[WhiteElo "2518"]
[BlackElo "2493"]
[PlyCount "20"]
[EventDate "2008.08.21"]

1. d4 d5 2. c4 c6 3. Nc3 Nf6 4. cxd5 cxd5 5. Bf4 Nc6 6. e3 a6 7. Bd3 Bg4 8. f3
Bh5 9. Nge2 e6 10. Rc1 Bd6 1/2-1/2

[Event "XX Festival A"]
[Site "Porto San Giorgio ITA"]
[Date "2008.08.29"]
[Round "9"]
[White "Kizov, Atanas"]
[Black "Dann, Timothy"]
[Result "1-0"]
[WhiteElo "2426"]
[BlackElo "2137"]
[PlyCount "65"]
[EventDate "2008.08.21"]

1. d4 Nf6 2. c4 e6 3. Nf3 b6 4. Nc3 Bb7 5. a3 d5 6. Bg5 Be7 7. Bxf6 Bxf6 8.
cxd5 exd5 9. Qa4+ Qd7 10. Qc2 O-O 11. Rd1 Re8 12. e3 h6 13. g3 a5 14. Bg2 Ba6
15. Ne2 Qb5 16. Rd2 Ra7 17. O-O c5 18. Rfd1 c4 19. Nc3 Qd7 20. Ne5 Qd6 21. Nxd5
b5 22. Nxf6+ Qxf6 23. f4 Nd7 24. Nxd7 Rxd7 25. e4 Qb6 26. Kh1 b4 27. axb4 axb4
28. d5 Red8 29. e5 Qc5 30. d6 Bb5 31. Rd5 Qb6 32. Qd2 Ra7 33. Qxb4 1-0

[Event "XX Festival A"]
[Site "Porto San Giorgio ITA"]
[Date "2008.08.29"]
[Round "9"]
[White "Maggi, Fabrizio"]
[Black "Massironi, Marco"]
[Result "0-1"]
[WhiteElo "2009"]
[BlackElo "2145"]
[PlyCount "118"]
[EventDate "2008.08.21"]

1. c4 c5 2. Nf3 Nc6 3. d4 cxd4 4. Nxd4 f5 5. Nc3 g6 6. g3 Bg7 7. Be3 Nf6 8. Bg2
Ng4 9. Nxc6 Nxe3 10. Nxd8 Nxd1 11. Nxd1 Kxd8 12. O-O d6 13. Rb1 Rb8 14. Ne3 b5
15. Rfd1 bxc4 16. Nxc4 Ba6 17. b3 Kd7 18. e3 Rhc8 19. Bf1 Bb7 20. Bg2 Bxg2 21.
Kxg2 Rc6 22. Rbc1 e6 23. Nd2 Rbc8 24. Rc4 Rxc4 25. Nxc4 d5 26. Rd2 Rc6 27. Kf3
Bc3 28. Rc2 Bf6 29. Rd2 Ke7 30. Nb2 e5 31. Na4 Ke6 32. Ke2 e4 33. Kd1 d4 34.
exd4 Kd5 35. Nb2 Bxd4 36. Nc4 Kc5 37. Ke2 g5 38. Ne3 Bxe3 39. Kxe3 Kb4 40. Rd4+
Kc3 41. Ra4 Rd6 42. Rxa7 Rd3+ 43. Ke2 f4 44. gxf4 gxf4 45. Rc7+ Kb2 46. Rc4 f3+
47. Ke1 Kxa2 48. Rxe4 Kxb3 49. Rh4 Kc2 50. Rc4+ Rc3 51. Rh4 Kd3 52. Kd1 Ra3 53.
Kc1 Ra1+ 54. Kb2 Ra7 55. Kc1 Ke2 56. Rc4 Kxf2 57. Rc2+ Kg1 58. Rc8 f2 59. Rg8+
Kxh2 0-1

[Event "XX Festival A"]
[Site "Porto San Giorgio ITA"]
[Date "2008.08.29"]
[Round "9"]
[White "Marozzi, Giovanni"]
[Black "Greabca, Irina"]
[Result "1/2-1/2"]
[WhiteElo "2041"]
[BlackElo "2126"]
[PlyCount "39"]
[EventDate "2008.08.21"]

1. e4 c6 2. c4 e5 3. Nf3 d6 4. d4 Bg4 5. dxe5 Bxf3 6. gxf3 dxe5 7. Qxd8+ Kxd8
8. Nc3 Bc5 9. Be3 Bxe3 10. fxe3 Nd7 11. O-O-O Ngf6 12. Bh3 Kc7 13. Rhg1 g6 14.
Rd2 a5 15. b3 Rad8 16. Na4 Nb6 17. Rxd8 Rxd8 18. Nxb6 Kxb6 19. Kc2 Ne8 20. Kc3
1/2-1/2

[Event "XX Festival A"]
[Site "Porto San Giorgio ITA"]
[Date "2008.08.29"]
[Round "9"]
[White "Naumkin, Igor"]
[Black "Voiska, Margarita"]
[Result "1-0"]
[WhiteElo "2502"]
[BlackElo "2296"]
[PlyCount "93"]
[EventDate "2008.08.21"]

1. d4 d5 2. c4 c6 3. Nf3 e6 4. e3 f5 5. Bd3 Nf6 6. O-O Bd6 7. b3 Qe7 8. Bb2 O-O
9. Nbd2 b6 10. Ne5 Bb7 11. Qe2 Ne4 12. Ndf3 c5 13. Rad1 a5 14. cxd5 exd5 15.
Bb5 Bc7 16. Rc1 Na6 17. Rfd1 Rf6 18. a3 Rh6 19. g3 Bxe5 20. Nxe5 Nc7 21. Bd3 a4
22. f3 Ng5 23. bxa4 c4 24. Bxf5 Rxa4 25. h4 Nf7 26. Ng4 Rh5 27. Bc2 Ra8 28. e4
Nh6 29. Ne3 b5 30. f4 g6 31. e5 Ne6 32. Qf3 Nxf4 33. gxf4 Qxh4 34. Rd2 Rf8 35.
f5 Nxf5 36. Bxf5 gxf5 37. Rg2+ Kh8 38. Qg3 Qxg3 39. Rxg3 f4 40. Rf1 h6 41. Rg2
Rh3 42. Bc1 f3 43. Rh2 Rg3+ 44. Kf2 Rg6 45. Rg1 Ra6 46. Ng4 b4 47. Nxh6 1-0

[Event "XX Festival A"]
[Site "Porto San Giorgio ITA"]
[Date "2008.08.29"]
[Round "9"]
[White "Navarro, Stefano"]
[Black "Dragojlovic, Andjelko"]
[Result "1/2-1/2"]
[WhiteElo "2259"]
[BlackElo "2400"]
[PlyCount "121"]
[EventDate "2008.08.21"]

1. e4 c5 2. Nf3 d6 3. d4 cxd4 4. Nxd4 Nf6 5. Nc3 g6 6. Be2 Bg7 7. Be3 Nc6 8.
Nb3 O-O 9. f4 a6 10. O-O Be6 11. Kh1 Rc8 12. Bf3 b5 13. Nd5 Nd7 14. c3 a5 15.
a4 b4 16. Rc1 bxc3 17. bxc3 Rb8 18. Re1 Rb7 19. Be2 Nf6 20. Bb5 Nb8 21. Bg1 Bd7
22. c4 Nc6 23. Qd2 Nxd5 24. exd5 Nb4 25. Bd4 Bxd4 26. Nxd4 Rc7 27. f5 Bxf5 28.
Nxf5 gxf5 29. Qg5+ Kh8 30. Qxf5 e5 31. dxe6 fxe6 32. Qe4 e5 33. c5 Rf4 34. Qe3
Nd5 35. Qd2 Rxc5 36. Rxc5 dxc5 37. Rxe5 Qf6 38. Re8+ Kg7 39. Re1 Qc3 40. Re7+
Kf6 41. Qe1 Qxe1+ 42. Rxe1 Nc3 43. g3 Rb4 44. Bc6 Nxa4 45. Ra1 Nb2 46. Rxa5 c4
47. Be4 h6 48. Bc2 Rb6 49. Rh5 Ke7 50. Kg2 Rd6 51. Kf3 Rd2 52. Re5+ Kd6 53. Re2
Rd5 54. Ke3 Kc5 55. Rd2 Rxd2 56. Kxd2 Kd4 57. g4 c3+ 58. Kc1 Nc4 59. h4 Ke5 60.
g5 hxg5 61. hxg5 1/2-1/2